Material curricular de reforzamiento a los programas oficiales de historia
Saved in:
| 格式: | 圖書 |
|---|---|
| 語言: | 西班牙语 |
| 出版: |
Santiago, Chile
Ministerio de Educación
1983
|
| 主題: | |
| 標簽: |
添加標簽
沒有標簽, 成為第一個標記此記錄!
|
MARC
| LEADER | 00000nam a2200000 a 4500 | ||
|---|---|---|---|
| 001 | UCR2044 | ||
| 003 | CL-VaPUC | ||
| 005 | 20220118074223.0 | ||
| 008 | 980109e19830000CL |||||||||||||||||spa|d | ||
| 999 | |c 265319 |d 265317 | ||
| 040 | |c Pontificia Universidad Católica de Valparaíso | ||
| 082 | 0 | 4 | |a 372.891 MIN 1983 |2 21 |
| 245 | 1 | 0 | |a Material curricular de reforzamiento a los programas oficiales de historia |
| 260 | |a Santiago, Chile |b Ministerio de Educación |c 1983 | ||
| 300 | |a 78 páginas | ||
| 583 | |a last modification |c 19980109 00:00:00 |k Rodrigo Vera | ||
| 650 | 0 | |a Enseñanza de la historia |9 307330 | |
| 650 | 0 | |a Geografía |9 259346 | |
| 650 | 0 | |a Métodos de enseñanza |9 270413 | |
| 852 | |a BIBCUR | ||
| 942 | |c BK |2 ddc | ||
| 945 | |d 19980109 00:00:00 |a jquezada | ||
| 952 | |0 0 |1 0 |2 ddc |4 0 |6 372_891000000000000_MIN_1983 |7 0 |8 A |9 296191 |a BIBHIS |b BIBHIS |d 2019-11-20 |i 1259660 |o 372.891 MIN 1983 |p 1259660 |r 2025-01-20 |t 1 |w 2019-11-20 |y BK |k HIS | ||